[Event "Quebec Botvinnick"]
[Site "Quebec"]
[Date "2018.02.26"]
[Round "5"]
[White "Cossette, Daniel"]
[Black "Garneau, Benoit"]
[Result "1-0"]
[WhiteElo "2078"]
[BlackElo "1782"]
[PlyCount "53"]
[EventDate "2018.01.29"]
[EventType "swiss"]
[EventRounds "5"]
[EventCountry "CAN"]
[SourceTitle "EXT 2022"]
[Source "ChessBase"]
[SourceDate "2021.10.06"]
[SourceVersion "1"]
[SourceVersionDate "2021.10.06"]
[SourceQuality "1"]

1. e4 c5 2. Nf3 g6 3. c4 Bg7 4. d4 cxd4 5. Nxd4 Nc6 6. Be3 Nf6 7. Nc3 d6 8. Be2 0-0 9. 0-0 Bd7 10. f3 a6 11. Qd2 Rc8 12. Rac1 Re8 13. Rfd1 Ne5 14. b3 Qa5 15. Qb2 Nc6 16. Nxc6 Bxc6 17. b4 Qh5 18. Qd2 Bd7 19. Bf1 b5 20. c5 dxc5 21. Bxc5 Be6 22. Be3 Red8 23. Qxd8+ Rxd8 24. Rxd8+ Bf8 25. Ne2 Kg7 26. Rc5 Nd5 27. exd5 1-0

[Event "Quebec Botvinnick"]
[Site "Quebec"]
[Date "2018.02.05"]
[Round "2"]
[White "Fecteau, Martin"]
[Black "Garneau, Benoit"]
[Result "0-1"]
[WhiteElo "1984"]
[BlackElo "1782"]
[PlyCount "62"]
[EventDate "2018.01.29"]
[EventType "swiss"]
[EventRounds "5"]
[EventCountry "CAN"]
[SourceTitle "EXT 2022"]
[Source "ChessBase"]
[SourceDate "2021.10.06"]
[SourceVersion "1"]
[SourceVersionDate "2021.10.06"]
[SourceQuality "1"]

1. Nf3 g6 2. d4 Bg7 3. e4 c5 4. Bc4 cxd4 5. Nxd4 Nc6 6. Ne2 Nf6 7. Nbc3 0-0 8. 0-0 d6 9. a3 a6 10. a4 Bd7 11. Ba2 b5 12. f3 b4 13. Nd5 Nxd5 14. Bxd5 Qb6+ 15. Kh1 Rac8 16. Ra2 e6 17. Bxc6 Qxc6 18. c3 bxc3 19. bxc3 Qc4 20. Ra3 d5 21. exd5 exd5 22. Nd4 Rfe8 23. Bb2 Re3 24. Ra1 Rd3 25. Qe1 Re8 26. Qg3 Rde3 27. Rae1 Bxa4 28. Rc1 Be5 29. Qg5 Bg7 30. Qg3 Qd3 31. Ba3 Bxd4 0-1

[Event "Quebec Alekhine"]
[Site "Quebec"]
[Date "2016.10.08"]
[Round "4"]
[White "Garneau, Benoit"]
[Black "Tremblay Alix, Eric"]
[Result "0-1"]
[WhiteElo "1795"]
[BlackElo "1807"]
[PlyCount "64"]
[EventDate "2016.09.12"]
[EventType "swiss"]
[EventRounds "5"]
[EventCountry "CAN"]
[SourceTitle "EXT 2022"]
[Source "ChessBase"]
[SourceDate "2021.10.06"]
[SourceVersion "1"]
[SourceVersionDate "2021.10.06"]
[SourceQuality "1"]

1. e4 d6 2. d4 Nf6 3. Nc3 e5 4. dxe5 dxe5 5. Qxd8+ Kxd8 6. Bc4 Be6 7. Bxe6 fxe6 8. Bg5 Bb4 9. 0-0-0+ Nbd7 10. Nge2 h6 11. Bh4 c6 12. Bg3 Kc7 13. Rd3 Nh5 14. Rhd1 Rad8 15. a3 Be7 16. b4 Rhf8 17. Kb2 Nf4 18. Bxf4 exf4 19. Nd4 Rf6 20. Nf3 g5 21. h3 e5 22. Kb3 Re6 23. Nh2 a5 24. f3 h5 25. R3d2 axb4 26. axb4 Rg6 27. Na4 b5 28. Nb2 c5 29. Ra1 Rb6 30. c3 Rb7 31. Rad1 Ra7 32. Rc2 c4+ 0-1

[Event "Quebec Alekhine"]
[Site "Quebec"]
[Date "2016.09.29"]
[Round "3"]
[White "Glode, Martin"]
[Black "Garneau, Benoit"]
[Result "1/2-1/2"]
[WhiteElo "1870"]
[BlackElo "1795"]
[PlyCount "34"]
[EventDate "2016.09.12"]
[EventType "swiss"]
[EventRounds "5"]
[EventCountry "CAN"]
[SourceTitle "EXT 2022"]
[Source "ChessBase"]
[SourceDate "2021.10.06"]
[SourceVersion "1"]
[SourceVersionDate "2021.10.06"]
[SourceQuality "1"]

1. e4 c5 2. Nf3 g6 3. c3 d5 4. exd5 Qxd5 5. d4 Bg4 6. Be2 Bg7 7. h3 Bd7 8. Be3 cxd4 9. cxd4 Nf6 10. 0-0 Nc6 11. Nc3 Qa5 12. Bc4 e6 13. d5 exd5 14. Nxd5 Nxd5 15. Qxd5 Qxd5 16. Bxd5 0-0 17. Rad1 b6 1/2-1/2

[Event "Quebec Montcalm op 4 2015-16"]
[Site "Quebec"]
[Date "2016.01.21"]
[Round "2"]
[White "Garneau, Benoit"]
[Black "Abran, David"]
[Result "1/2-1/2"]
[WhiteElo "1809"]
[BlackElo "1809"]
[PlyCount "95"]
[EventDate "2016.01.14"]
[EventType "swiss"]
[EventRounds "5"]
[EventCountry "CAN"]
[SourceTitle "EXT 2022"]
[Source "ChessBase"]
[SourceDate "2021.10.06"]
[SourceVersion "1"]
[SourceVersionDate "2021.10.06"]
[SourceQuality "1"]

1. e4 c5 2. Nf3 d6 3. d4 cxd4 4. Nxd4 Nf6 5. Nc3 a6 6. h3 e5 7. Nde2 Be6 8. g4 h6 9. Bg2 Nbd7 10. Be3 Nb6 11. b3 Qc7 12. Nd5 Nbxd5 13. exd5 Nxd5 14. Bd2 Be7 15. c4 Nf6 16. Nc3 Rd8 17. Rc1 Qb8 18. Nd5 Nxd5 19. cxd5 Bd7 20. 0-0 0-0 21. Be3 f5 22. gxf5 Bxf5 23. Qh5 Kh7 24. Rc4 Rc8 25. Be4 Bxe4 26. Rxe4 Rf6 27. Rg4 Rcf8 28. Kh1 Qe8 29. Qh4 Qf7 30. Rfg1 Rg8 31. Bg5 Qxd5+ 32. Kh2 Rxf2+ 33. Qxf2 Bxg5 34. Rxg5 hxg5 35. Qf5+ g6 36. Qxg5 Qf7 37. Rg4 Kg7 38. h4 Rf8 39. h5 Qf2+ 40. Rg2 Qf4+ 41. Qxf4 Rxf4 42. Rxg6+ Kh7 43. Rxd6 Rf2+ 44. Kg3 Rxa2 45. Rb6 a5 46. Rxb7+ Kh6 47. Rb5 Kxh5 48. Rxe5+ 1/2-1/2

[Event "Charlesbourg Keres Memorial"]
[Site "Charlesbourg"]
[Date "2015.05.18"]
[Round "3"]
[White "Garneau, Benoit"]
[Black "Caire, Francois"]
[Result "0-1"]
[WhiteElo "1879"]
[BlackElo "2208"]
[PlyCount "60"]
[EventDate "2015.05.04"]
[EventType "swiss"]
[EventRounds "5"]
[EventCountry "CAN"]
[SourceTitle "EXT 2019"]
[Source "ChessBase"]
[SourceDate "2018.10.10"]
[SourceVersion "1"]
[SourceVersionDate "2018.10.10"]
[SourceQuality "1"]

1. e4 c5 2. Nc3 Nc6 3. f4 g6 4. Nf3 Bg7 5. Bb5 Nd4 6. 0-0 a6 7. Bc4 b5 8. Bd5 Ra7 9. d3 e6 10. Bb3 d5 11. exd5 exd5 12. Re1+ Ne7 13. Nxd5 0-0 14. Nxe7+ Rxe7 15. Rxe7 Qxe7 16. c3 Nxb3 17. axb3 Re8 18. Bd2 Qd6 19. Qf1 Bf5 20. Re1 Rd8 21. Re3 Bxd3 22. Qe1 Kf8 23. Ne5 Bc2 24. b4 cxb4 25. Ng4 bxc3 26. bxc3 Qxf4 27. Rd3 Rxd3 28. Bxf4 Rd1 29. Qxd1 Bxd1 30. Nf2 Bc2 0-1

[Event "Charlesbourg Khalif"]
[Site "Charlesbourg"]
[Date "2015.04.20"]
[Round "4"]
[White "Leblanc Legault, Mathieu"]
[Black "Garneau, Benoit"]
[Result "0-1"]
[WhiteElo "1631"]
[BlackElo "1879"]
[PlyCount "58"]
[EventDate "2015.03.30"]
[EventType "swiss"]
[EventRounds "5"]
[EventCountry "CAN"]
[SourceTitle "EXT 2022"]
[Source "ChessBase"]
[SourceDate "2021.10.06"]
[SourceVersion "1"]
[SourceVersionDate "2021.10.06"]
[SourceQuality "1"]

1. d4 g6 2. c4 Bg7 3. Nc3 c5 4. e3 Nf6 5. Nf3 0-0 6. Be2 d5 7. 0-0 cxd4 8. exd4 dxc4 9. Bxc4 Bg4 10. Be3 Nc6 11. Be2 Be6 12. Ng5 Bd5 13. Nxd5 Nxd5 14. Bf3 Nxe3 15. fxe3 e5 16. d5 Qxg5 17. dxc6 Qxe3+ 18. Kh1 bxc6 19. Bxc6 Rac8 20. Rf3 Qd4 21. Qc2 Qd6 22. Rc1 Rfd8 23. Qc4 Rxc6 24. Qxf7+ Kh8 25. Rcf1 e4 26. Rb3 Rf8 27. Rb7 Rxf7 28. Rbxf7 e3 29. Rxa7 e2 0-1

[Event "Charlesbourg Khalif"]
[Site "Charlesbourg"]
[Date "2015.04.13"]
[Round "3"]
[White "Garneau, Benoit"]
[Black "Lessard, Claude"]
[Result "0-1"]
[WhiteElo "1879"]
[BlackElo "2083"]
[PlyCount "58"]
[EventDate "2015.03.30"]
[EventType "swiss"]
[EventRounds "5"]
[EventCountry "CAN"]
[SourceTitle "EXT 2022"]
[Source "ChessBase"]
[SourceDate "2021.10.06"]
[SourceVersion "1"]
[SourceVersionDate "2021.10.06"]
[SourceQuality "1"]

1. e4 c5 2. Nc3 Nc6 3. f4 g6 4. Nf3 Bg7 5. Bb5 Nd4 6. 0-0 e6 7. d3 a6 8. Bc4 b5 9. Bb3 Ne7 10. e5 Bb7 11. Nxd4 cxd4 12. Ne4 Bxe4 13. dxe4 Nc6 14. c3 dxc3 15. bxc3 d6 16. exd6 Bxc3 17. Be3 Bxa1 18. Qxa1 0-0 19. f5 Qxd6 20. f6 Rfd8 21. Qc1 Nd4 22. Bxd4 Qxd4+ 23. Rf2 Kh8 24. Qh6 Rg8 25. Kf1 Rac8 26. Rf3 Rc3 27. Rxc3 Qxc3 28. Qg5 Qd3+ 29. Kf2 Qxe4 0-1

[Event "Zukertort"]
[Site "Charlesbourg"]
[Date "2015.02.23"]
[Round "3"]
[White "Tremblay Alix, Eric"]
[Black "Garneau, Benoit"]
[Result "0-1"]
[WhiteElo "1817"]
[BlackElo "1891"]
[PlyCount "144"]
[EventDate "2015.02.09"]
[EventType "swiss"]
[EventRounds "5"]
[EventCountry "CAN"]
[SourceTitle "EXT 2019"]
[Source "ChessBase"]
[SourceDate "2018.10.10"]
[SourceVersion "1"]
[SourceVersionDate "2018.10.10"]
[SourceQuality "1"]

1. Nf3 Nf6 2. g3 g6 3. Bg2 Bg7 4. c4 0-0 5. Nc3 d5 6. cxd5 Nxd5 7. 0-0 Nc6 8. e4 Ndb4 9. Ne1 Be6 10. a3 Nd3 11. Nxd3 Qxd3 12. Qe2 Qxe2 13. Nxe2 Bc4 14. d3 Bxd3 15. Bf3 Nd4 16. Nxd4 Bxf1 17. Nf5 gxf5 18. Kxf1 fxe4 19. Bxe4 Rfd8 20. Be3 Bxb2 21. Rb1 Bxa3 22. Rxb7 Bd6 23. Rb5 e5 24. Bxa8 Rxa8 25. Ra5 a6 26. Ke2 Kf8 27. Kd3 Ke7 28. Bc5 Bxc5 29. Rxc5 Kd6 30. Ra5 f6 31. f4 exf4 32. gxf4 Kc6 33. Kc4 Kb6 34. Rf5 Rf8 35. Kb4 Rf7 36. h3 c6 37. h4 Rf8 38. h5 h6 39. Rc5 Re8 40. Rf5 a5+ 41. Kb3 Re6 42. Kc4 c5 43. Kd5 Rc6 44. Kc4 a4 45. Rd5 Ka5 46. Rd8 a3 47. Kb3 c4+ 48. Kxa3 c3 49. Rd1 Kb6 50. Kb3 Kb5 51. Rc1 Rc4 52. Rxc3 Rxf4 53. Rh3 f5 54. Kc3 Kc5 55. Kd3 Kd5 56. Ke3 Ke5 57. Rh1 Rg4 58. Kf3 Kf6 59. Rc1 Kg5 60. Rc5 Rh4 61. Kg3 Rxh5 62. Rd5 Rh1 63. Kg2 Ra1 64. Kf3 Ra3+ 65. Kg2 Kg4 66. Rd2 f4 67. Rf2 h5 68. Kh2 f3 69. Rf1 Ra2+ 70. Kh1 Kg3 71. Kg1 f2+ 72. Kh1 Ra4 0-1

[Event "Capablanca"]
[Site "Charlesbourg"]
[Date "2015.02.02"]
[Round "5"]
[White "Garneau, Benoit"]
[Black "Tremblay, Rejean"]
[Result "0-1"]
[WhiteElo "1878"]
[BlackElo "2207"]
[PlyCount "40"]
[EventDate "2015.01.05"]
[EventType "swiss"]
[EventRounds "5"]
[EventCountry "CAN"]
[SourceTitle "EXT 2019"]
[Source "ChessBase"]
[SourceDate "2018.10.10"]
[SourceVersion "1"]
[SourceVersionDate "2018.10.10"]
[SourceQuality "1"]

1. e4 e6 2. d4 d5 3. Nc3 Nf6 4. Bg5 Be7 5. e5 Nfd7 6. Bxe7 Qxe7 7. f4 0-0 8. Nf3 c5 9. dxc5 Nc6 10. Bd3 f6 11. Qe2 fxe5 12. Bxh7+ Kxh7 13. Ng5+ Kg8 14. 0-0-0 Rxf4 15. Qh5 Nf6 16. Qg6 e4 17. Rxd5 exd5 18. Nxd5 Qf8 19. Nxf6+ Qxf6 20. Qe8+ Qf8 0-1

[Event "Charlesbourg Olympiade"]
[Site "Charlesbourg"]
[Date "2014.11.17"]
[Round "2"]
[White "Garneau, Benoit"]
[Black "Abran, David"]
[Result "1/2-1/2"]
[WhiteElo "1915"]
[BlackElo "1889"]
[PlyCount "69"]
[EventDate "2014.11.10"]
[EventType "swiss"]
[EventRounds "6"]
[EventCountry "CAN"]
[SourceTitle "EXT 2022"]
[Source "ChessBase"]
[SourceDate "2021.10.06"]
[SourceVersion "1"]
[SourceVersionDate "2021.10.06"]
[SourceQuality "1"]

1. e4 c5 2. Nc3 Nc6 3. f4 g6 4. Nf3 Bg7 5. Bb5 Nd4 6. 0-0 Nxb5 7. Nxb5 a6 8. Nc3 b5 9. d3 Bb7 10. Be3 Rc8 11. d4 cxd4 12. Bxd4 Nf6 13. e5 Nd5 14. e6 Bxd4+ 15. Qxd4 Qb6 16. exd7+ Kxd7 17. Rad1 Qxd4+ 18. Rxd4 e6 19. Ne5+ Ke7 20. Nxd5+ Bxd5 21. c3 f6 22. Nd3 Rhd8 23. Nb4 Bb7 24. Rfd1 Rxd4 25. Rxd4 a5 26. Nd3 Bd5 27. a4 Bc4 28. axb5 Bxb5 29. Kf2 Bxd3 30. Rxd3 Rb8 31. Rd2 a4 32. Ke3 Rb3 33. Kd3 a3 34. bxa3 Rxa3 35. Kd4 1/2-1/2

[Event "Charlesbourg Millenium"]
[Site "Charlesbourg"]
[Date "2014.10.13"]
[Round "2"]
[White "Garneau, Benoit"]
[Black "Pouliot, Lewis"]
[Result "0-1"]
[WhiteElo "1942"]
[BlackElo "1618"]
[PlyCount "64"]
[EventDate "2014.10.06"]
[EventType "swiss"]
[EventRounds "5"]
[EventCountry "CAN"]
[SourceTitle "EXT 2022"]
[Source "ChessBase"]
[SourceDate "2021.10.06"]
[SourceVersion "1"]
[SourceVersionDate "2021.10.06"]
[SourceQuality "1"]

1. Nf3 Nf6 2. g3 b5 3. Bg2 Bb7 4. d4 d5 5. 0-0 g6 6. a4 b4 7. Nbd2 c6 8. Ne5 Bg7 9. Nb3 Nbd7 10. Bf4 0-0 11. Nd3 a5 12. Ndc5 Nxc5 13. Nxc5 Bc8 14. f3 Qb6 15. Kh1 Nd7 16. Nxd7 Bxd7 17. e3 f6 18. e4 Rad8 19. exd5 cxd5 20. Qd2 Rc8 21. h4 Rc4 22. Be3 Rfc8 23. Rfc1 Qc7 24. Bf4 Qc6 25. c3 bxc3 26. bxc3 Rxc3 27. Rxc3 Qxc3 28. Rc1 Qxc1+ 29. Qxc1 Rxc1+ 30. Bxc1 f5 31. Bd2 Bxd4 32. Bxa5 Bxa4 0-1

[Event "Charlesbourg Festival"]
[Site "Charlesbourg"]
[Date "2014.06.23"]
[Round "4"]
[White "Garneau, Benoit"]
[Black "Doyon, Stephane"]
[Result "1-0"]
[WhiteElo "1937"]
[BlackElo "1881"]
[PlyCount "71"]
[EventDate "2014.06.02"]
[EventType "swiss"]
[EventRounds "5"]
[EventCountry "CAN"]
[SourceTitle "EXT 2022"]
[Source "ChessBase"]
[SourceDate "2021.10.06"]
[SourceVersion "1"]
[SourceVersionDate "2021.10.06"]
[SourceQuality "1"]

1. e4 c6 2. d4 d5 3. exd5 cxd5 4. Bd3 Nc6 5. c3 Nf6 6. Bf4 Bg4 7. Qb3 Qc8 8. Nd2 e6 9. Ngf3 Be7 10. 0-0 0-0 11. Qc2 Bh5 12. Ne5 Bg6 13. Nxg6 hxg6 14. Rae1 Nh5 15. Bg3 f5 16. Nf3 Nf6 17. Ne5 Nxe5 18. Bxe5 Ne4 19. f3 Nd6 20. g4 Nc4 21. Qe2 Bg5 22. gxf5 Ne3 23. f4 Nxf1 24. Rxf1 Bf6 25. fxg6 Bxe5 26. fxe5 Rxf1+ 27. Qxf1 Qd8 28. Qf4 Qe7 29. Qg4 Kf8 30. Bb5 Qd8 31. Qf3+ Kg8 32. Qh5 Qc8 33. Qh7+ Kf8 34. Qh8+ Ke7 35. Qxg7+ Kd8 36. Qf8+ 1-0

[Event "Charlesbourg Khalif"]
[Site "Charlesbourg"]
[Date "2014.04.14"]
[Round "4"]
[White "Garneau, Benoit"]
[Black "Boies, Dominique"]
[Result "1-0"]
[WhiteElo "1927"]
[BlackElo "1537"]
[PlyCount "45"]
[EventDate "2014.03.24"]
[EventType "swiss"]
[EventRounds "5"]
[EventCountry "CAN"]
[SourceTitle "EXT 2022"]
[Source "ChessBase"]
[SourceDate "2021.10.06"]
[SourceVersion "1"]
[SourceVersionDate "2021.10.06"]
[SourceQuality "1"]

1. Nf3 b6 2. e4 Bb7 3. Nc3 e6 4. d4 Bb4 5. Bd3 Nf6 6. e5 Ne4 7. Bd2 Nxd2 8. Nxd2 Qg5 9. Qe2 Qxg2 10. 0-0-0 Bxc3 11. bxc3 Qh3 12. Rhg1 g6 13. Rg3 Qh6 14. Kb2 a5 15. Be4 Bxe4 16. Nxe4 Qf8 17. d5 Na6 18. dxe6 fxe6 19. Nf6+ Kd8 20. Rxd7+ Kc8 21. Qb5 Nc5 22. Qc6 Ra7 23. Rxc7+ 1-0

[Event "Charlesbourg Khalif"]
[Site "Charlesbourg"]
[Date "2014.03.24"]
[Round "1"]
[White "Theriault, Francis"]
[Black "Garneau, Benoit"]
[Result "0-1"]
[WhiteElo "1549"]
[BlackElo "1927"]
[PlyCount "42"]
[EventDate "2014.03.24"]
[EventType "swiss"]
[EventRounds "5"]
[EventCountry "CAN"]
[SourceTitle "EXT 2022"]
[Source "ChessBase"]
[SourceDate "2021.10.06"]
[SourceVersion "1"]
[SourceVersionDate "2021.10.06"]
[SourceQuality "1"]

1. e4 c5 2. Nf3 Nc6 3. d4 cxd4 4. Nxd4 Nf6 5. Nc3 g6 6. Be2 Bg7 7. Be3 0-0 8. Nb3 d6 9. Qd2 Ng4 10. Bxg4 Bxg4 11. f3 Be6 12. Bh6 Rc8 13. Bxg7 Kxg7 14. Nd4 Qb6 15. Nxe6+ fxe6 16. 0-0-0 Qa5 17. h4 h6 18. f4 b5 19. h5 b4 20. Nb1 Qxa2 21. hxg6 Na5 0-1

[Event "Charlesbourg Zukertort"]
[Site "Charlesbourg"]
[Date "2014.03.03"]
[Round "4"]
[White "Garneau, Benoit"]
[Black "Glode, Martin"]
[Result "0-1"]
[WhiteElo "1951"]
[BlackElo "1866"]
[PlyCount "40"]
[EventDate "2014.02.10"]
[EventType "swiss"]
[EventRounds "5"]
[EventCountry "CAN"]
[SourceTitle "EXT 2022"]
[Source "ChessBase"]
[SourceDate "2021.10.06"]
[SourceVersion "1"]
[SourceVersionDate "2021.10.06"]
[SourceQuality "1"]

1. e4 e6 2. d4 d5 3. Nc3 Nf6 4. Bg5 dxe4 5. Nxe4 Nbd7 6. Nf3 h6 7. Bxf6 Nxf6 8. Bd3 Nxe4 9. Bxe4 c5 10. 0-0 cxd4 11. Nxd4 Be7 12. c3 0-0 13. Qh5 Qb6 14. b4 a5 15. b5 Bd7 16. Rad1 Rfd8 17. Nf5 exf5 18. Rxd7 Rxd7 19. Qxf5 Qg6 20. Qxd7 Qxe4 0-1

[Event "Charlesbourg Olympiade"]
[Site "Charlesbourg"]
[Date "2013.12.09"]
[Round "5"]
[White "Fecteau, Martin"]
[Black "Garneau, Benoit"]
[Result "1/2-1/2"]
[WhiteElo "1969"]
[BlackElo "1940"]
[PlyCount "38"]
[EventDate "2013.11.11"]
[EventType "swiss"]
[EventRounds "6"]
[EventCountry "CAN"]
[SourceTitle "EXT 2022"]
[Source "ChessBase"]
[SourceDate "2021.10.06"]
[SourceVersion "1"]
[SourceVersionDate "2021.10.06"]
[SourceQuality "1"]

1. Nf3 Nf6 2. c4 c5 3. Nc3 Nc6 4. g3 d5 5. cxd5 Nxd5 6. Bg2 g6 7. 0-0 Bg7 8. Qb3 Nxc3 9. dxc3 Qc7 10. Ng5 0-0 11. Bf4 e5 12. Be3 h6 13. Ne4 b6 14. Qd5 Rd8 15. Nf6+ Bxf6 16. Qxc6 Qxc6 17. Bxc6 Rb8 18. Rfd1 Ba6 19. Kf1 Kg7 1/2-1/2

[Event "Charlesbourg Olympiade"]
[Site "Charlesbourg"]
[Date "2013.11.25"]
[Round "3"]
[White "Plante, Rejean"]
[Black "Garneau, Benoit"]
[Result "1/2-1/2"]
[WhiteElo "2011"]
[BlackElo "1940"]
[PlyCount "57"]
[EventDate "2013.11.11"]
[EventType "swiss"]
[EventRounds "6"]
[EventCountry "CAN"]
[SourceTitle "EXT 2022"]
[Source "ChessBase"]
[SourceDate "2021.10.06"]
[SourceVersion "1"]
[SourceVersionDate "2021.10.06"]
[SourceQuality "1"]

1. d4 Nf6 2. Bg5 d5 3. e3 e6 4. c4 h6 5. Bxf6 Qxf6 6. Nc3 c6 7. Nf3 Nd7 8. Qb3 Bd6 9. Be2 0-0 10. 0-0 Qe7 11. e4 dxc4 12. Qxc4 e5 13. Rad1 exd4 14. Qxd4 Bc5 15. Qd2 Ne5 16. Nxe5 Qxe5 17. Kh1 b5 18. f4 Qe7 19. f5 f6 20. Bf3 Bb7 21. Qd7 Rf7 22. Qxe7 Rxe7 23. Rd3 b4 24. Na4 Bb6 25. Rfd1 Kf8 26. Rd7 c5 27. Rxe7 Kxe7 28. b3 Rd8 29. Rxd8 1/2-1/2

[Event "Charlesbourg Keres"]
[Site "Charlesbourg"]
[Date "2013.03.25"]
[Round "1"]
[White "Garneau, Benoit"]
[Black "Tremblay, Rejean"]
[Result "1-0"]
[WhiteElo "1908"]
[BlackElo "2211"]
[PlyCount "67"]
[EventDate "2013.03.25"]
[EventType "swiss"]
[EventRounds "5"]
[EventCountry "CAN"]
[SourceTitle "EXT 2022"]
[Source "ChessBase"]
[SourceDate "2021.10.06"]
[SourceVersion "1"]
[SourceVersionDate "2021.10.06"]
[SourceQuality "1"]

1. e4 e6 2. d3 d5 3. Nd2 c5 4. Ngf3 Nc6 5. g3 g6 6. Bg2 Bg7 7. 0-0 Nge7 8. Re1 0-0 9. c3 a5 10. Qe2 e5 11. exd5 Nxd5 12. Nc4 Re8 13. a4 h6 14. Nh4 Be6 15. h3 Rb8 16. Kh2 Kh7 17. Nf3 f6 18. Qc2 Bf7 19. Nfd2 f5 20. Nf1 Qd7 21. Bd2 Rbd8 22. Rad1 Qc7 23. Bc1 Kh8 24. Nfe3 Nf4 25. Bxc6 bxc6 26. gxf4 exf4 27. Nf1 Bxc4 28. dxc4 f3+ 29. Kg1 Qc8 30. Rxd8 Rxd8 31. Rd1 f4 32. Rxd8+ Qxd8 33. Qxg6 Qd3 34. Qxd3 1-0

[Event "Charlesbourg Millenium"]
[Site "Charlesbourg"]
[Date "2012.12.17"]
[Round "5"]
[White "Bahadi, Khalid"]
[Black "Garneau, Benoit"]
[Result "0-1"]
[WhiteElo "2050"]
[BlackElo "1950"]
[PlyCount "66"]
[EventDate "2012.11.19"]
[EventType "swiss"]
[EventRounds "5"]
[EventCountry "CAN"]
[SourceTitle "EXT 2022"]
[Source "ChessBase"]
[SourceDate "2021.10.06"]
[SourceVersion "1"]
[SourceVersionDate "2021.10.06"]
[SourceQuality "1"]

1. c4 Nf6 2. Nc3 g6 3. g3 d5 4. cxd5 Nxd5 5. Bg2 Nxc3 6. bxc3 Bg7 7. Rb1 c6 8. Nf3 b5 9. Nh4 a6 10. a4 Ra7 11. c4 Bb7 12. 0-0 0-0 13. axb5 cxb5 14. cxb5 Bxg2 15. Nxg2 Rb7 16. Qa4 Qd7 17. Nf4 axb5 18. Qa2 Rd8 19. Nd3 Rc8 20. Ba3 Rbc7 21. Qb3 Nc6 22. Bc5 b4 23. Bb6 Nd4 24. Qd1 Rc2 25. Rxb4 Nf3+ 26. Kg2 Nxd2 27. Rh1 Qc6+ 28. Kg1 Ne4 29. Be3 Ra2 30. f3 Nc3 31. Qb3 Nxe2+ 32. Kf1 Qxf3+ 33. Nf2 Ra1+ 0-1

[Event "Charlesbourg Alekhine"]
[Site "Charlesbourg"]
[Date "2012.10.01"]
[Round "5"]
[White "Garneau, Benoit"]
[Black "Beaudoin, Stephane"]
[Result "1-0"]
[WhiteElo "1799"]
[BlackElo "2072"]
[PlyCount "129"]
[EventDate "2012.09.03"]
[EventType "swiss"]
[EventRounds "5"]
[EventCountry "CAN"]
[SourceTitle "EXT 2022"]
[Source "ChessBase"]
[SourceDate "2021.10.06"]
[SourceVersion "1"]
[SourceVersionDate "2021.10.06"]
[SourceQuality "1"]

1. Nf3 g6 2. g3 Bg7 3. Bg2 Nf6 4. 0-0 0-0 5. c4 d6 6. d4 Na6 7. Nc3 c5 8. d5 Nc7 9. e4 b6 10. Bf4 Ba6 11. Nd2 Nh5 12. Be3 b5 13. cxb5 Nxb5 14. Nxb5 Bxb5 15. Re1 Rb8 16. Qc2 Qc8 17. a4 Ba6 18. Rab1 Nf6 19. Nc4 Ng4 20. Na5 Ne5 21. Red1 Qc7 22. b4 Rfc8 23. Bh3 Re8 24. f4 Rxb4 25. Rxb4 Qxa5 26. Rbb1 Nc4 27. Bc1 Bd4+ 28. Kh1 h5 29. Bd7 Rf8 30. Bb5 Ne3 31. Bxe3 Bxe3 32. Qd3 Bxb5 33. Qxb5 Qc7 34. Rd3 Bd4 35. Qb7 Qa5 36. Qxe7 Qxa4 37. Qxd6 Bg7 38. Re3 Qc2 39. Rbe1 Bd4 40. R3e2 Qd3 41. Kg2 c4 42. e5 c3 43. e6 Qb5 44. exf7+ Kg7 45. Re6 Qd3 46. Re8 Rxf7 47. R8e7 Rxe7 48. Rxe7+ Kh6 49. Qd7 Qc2+ 50. Kh3 Qf5+ 51. Qxf5 gxf5 52. Rc7 a5 53. Rc6+ Kg7 54. d6 Bf6 55. d7 c2 56. Rxc2 Kf7 57. Rc5 Bd8 58. Rxf5+ Ke6 59. Rxh5 Kxd7 60. Rd5+ Ke7 61. Kg4 Bc7 62. Rc5 Kd6 63. Rc4 Bb6 64. Kf5 Kd5 65. Ra4 1-0

[Event "Charlesbourg Capablanca"]
[Site "Charlesbourg"]
[Date "2012.01.23"]
[Round "3"]
[White "Garneau, Benoit"]
[Black "Lessard, Claude"]
[Result "0-1"]
[WhiteElo "1748"]
[BlackElo "1989"]
[PlyCount "66"]
[EventDate "2012.01.09"]
[EventType "swiss"]
[EventRounds "5"]
[EventCountry "CAN"]
[SourceTitle "EXT 2022"]
[Source "ChessBase"]
[SourceDate "2021.10.06"]
[SourceVersion "1"]
[SourceVersionDate "2021.10.06"]
[SourceQuality "1"]

1. e4 c6 2. d4 d5 3. exd5 cxd5 4. Bd3 Nc6 5. c3 Nf6 6. Bf4 Bg4 7. Qb3 Qd7 8. Nd2 e6 9. Ngf3 Bd6 10. Bg3 Bxg3 11. hxg3 a6 12. Ne5 Qc7 13. Nxc6 bxc6 14. Qc2 g6 15. b4 e5 16. dxe5 Qxe5+ 17. Kf1 0-0 18. Re1 Qd6 19. f3 Bd7 20. g4 a5 21. bxa5 Rxa5 22. Nb3 Raa8 23. Qd2 Rfe8 24. Kf2 Rxe1 25. Rxe1 Qh2 26. Rg1 h5 27. g5 Nh7 28. Nc5 Bc8 29. c4 Qh4+ 30. g3 Qd4+ 31. Qe3 Rxa2+ 32. Be2 Qxc4 33. Rc1 Rxe2+ 0-1

[Event "Charlesbourg Le Khalif"]
[Site "Charlesbourg"]
[Date "2011.02.28"]
[Round "4"]
[White "Beaudoin, Stephane"]
[Black "Garneau, Benoit"]
[Result "1-0"]
[WhiteElo "1998"]
[BlackElo "1750"]
[PlyCount "50"]
[EventDate "2011.02.07"]
[EventType "swiss"]
[EventRounds "5"]
[EventCountry "CAN"]
[SourceTitle "EXT 2022"]
[Source "ChessBase"]
[SourceDate "2021.10.06"]
[SourceVersion "1"]
[SourceVersionDate "2021.10.06"]
[SourceQuality "1"]

1. e4 c5 2. Nf3 g6 3. Bc4 Bg7 4. 0-0 Nc6 5. c3 d6 6. d4 Nf6 7. dxc5 Nxe4 8. Bxf7+ Kxf7 9. Qd5+ Be6 10. Qxe4 Bf5 11. Qe2 Rf8 12. cxd6 exd6 13. Bg5 Qd7 14. Nbd2 Rae8 15. Qc4+ d5 16. Qa4 h6 17. Be3 b5 18. Qxb5 Rb8 19. Qa4 Rxb2 20. Nb3 Be4 21. Nc5 Qe8 22. Nxe4 dxe4 23. Nd2 Kg8 24. Nxe4 Qe6 25. Nc5 Qf6 1-0